00609nam a2200193Ia 4500008004100000020001500041082001600056100001900072245001600091250000700107260003400114300002400148500001900172600002100191650005000212942000700262952013100269999001500400240925s9999 xx 000 0 und d a1556151179 a005.446 LET aLetwin, Gordon 0aInside OS/2 aNA aCalifornia:bAutodeskc,1988. a286p.bNAfOriginal aIncludes Index aComputer Science aComputer science, information & general works cBK 001040708CSaUITUbUITUd1996-05-04eUIT Friends of USA g20.00l0o005.446 LETpQ0679r2024-09-25 07:12:10w2024-09-25yBK c3178d3178